000 00592nam a22002057a 4500
003 0
005 20251108090448.0
008 251108b xxu||||| |||| 00| 0 eng d
020 _a0-00-651296-8
050 _aPR 6053.A4344
_b.K46 2002
100 _aKent, Gordon,
_eauthor.
245 _aTop hook /
_cGordon Kent.
260 _aLondon :
_bHarperCollins Publishers,
_c2002.
300 _a586 pages ;
_c18 cm.
650 _aSuspense fiction.
650 _aIntelligence officers
_xFiction.
650 _aNaval aviation
_xFiction.
650 _aEspionage, American
_xFiction.
942 _2lcc
_cBK
999 _c368525
_d368525